[Event "CFriend SH-2005-0-00040 email"]
[Site "Chessfriend.com"]
[Date "2005.09.07"]
[Round "1"]
[White "Bernal Varela, Nelson"]
[Black "Von Saleski, Marcel"]
[Result "1/2-1/2"]
[WhiteElo "2172"]
[BlackElo "2141"]
[PlyCount "113"]
[EventDate "2005.??.??"]
[EventType "tourn (corr)"]
[EventRounds "8"]
[SourceTitle "Corr 2008"]
[Source "ChessBase"]
[SourceDate "2008.06.24"]
[SourceVersion "1"]
[SourceVersionDate "2008.06.24"]
[SourceQuality "1"]

1. e4 c5 2. Nf3 d6 3. d4 cxd4 4. Nxd4 Nf6 5. Nc3 a6 6. Bg5 e6 7. f4 Be7 8. Qf3 Qc7 9. 0-0-0 Nbd7 10. g4 b5 11. Bxf6 Nxf6 12. g5 Nd7 13. f5 Bxg5+ 14. Kb1 Ne5 15. Qh5 Qe7 16. Nxe6 Bxe6 17. fxe6 g6 18. exf7+ Kxf7 19. Qh3 Kg7 20. Nd5 Qd8 21. Qc3 Ra7 22. Qa3 Rf8 23. Bxb5 Rf3 24. Qa4 a5 25. Rhf1 Rxf1 26. Rxf1 Qc8 27. Qd4 Qc5 28. c3 Rf7 29. Qxc5 dxc5 30. h3 Nf3 31. Kc2 Bd8 32. Kd3 Ng5 33. Rxf7+ Kxf7 34. Bd7 Nf3 35. Bc8 Ne5+ 36. Kc2 h5 37. b3 g5 38. Kd2 g4 39. hxg4 hxg4 40. Ke2 g3 41. Kf1 Nd3 42. Kg2 Bh4 43. a3 Ne1+ 44. Kf1 Nf3 45. Bf5 Nd2+ 46. Kg2 Nxb3 47. e5 c4 48. Nb6 Nc1 49. Nxc4 Ne2 50. Nd6+ Ke7 51. c4 Nf4+ 52. Kg1 Ne2+ 53. Kf1 Nf4 54. c5 g2+ 55. Kg1 Be1 56. Ne4 a4 57. Kh2 1/2-1/2

[Event "CFriend SH-2005-0-00040 email"]
[Site "Chessfriend.com"]
[Date "2005.09.07"]
[Round "1"]
[White "Von Saleski, Marcel"]
[Black "Gomez Galan Arense, Joaquin"]
[Result "1-0"]
[WhiteElo "2141"]
[BlackElo "2012"]
[PlyCount "65"]
[EventDate "2005.??.??"]
[EventType "tourn (corr)"]
[EventRounds "8"]
[SourceTitle "Corr 2024"]
[Source "ChessBase"]
[SourceDate "2023.10.19"]
[SourceVersion "1"]
[SourceVersionDate "2023.10.19"]
[SourceQuality "1"]

1. e4 e5 2. Nf3 Nc6 3. Bb5 a6 4. Ba4 Nf6 5. 0-0 Be7 6. Re1 b5 7. Bb3 d6 8. c3 0-0 9. h3 Na5 10. Bc2 c5 11. d4 Qc7 12. Nbd2 cxd4 13. cxd4 Nc6 14. Nb3 a5 15. Be3 a4 16. Nbd2 Bd7 17. Rc1 Qb7 18. Nf1 Rfe8 19. Ng3 Bd8 20. d5 Nb4 21. Bb1 Na6 22. Nh4 g6 23. Bg5 Nc5 24. Qf3 Kg7 25. Nhf5+ Bxf5 26. exf5 Rc8 27. Red1 Nfd7 28. h4 Bxg5 29. hxg5 Kg8 30. Qg4 Nb6 31. Qh4 Nxd5 32. Ne4 Nf4 33. Rxc5 1-0

[Event "CFriend SH-2005-0-00040 email"]
[Site "Chessfriend.com"]
[Date "2005.09.07"]
[Round "1"]
[White "Von Saleski, Marcel"]
[Black "Nenciulescu, Silviu Catalin"]
[Result "1/2-1/2"]
[WhiteElo "2141"]
[BlackElo "2056"]
[PlyCount "68"]
[EventDate "2005.??.??"]
[EventType "tourn (corr)"]
[EventRounds "8"]
[SourceTitle "Corr 2008"]
[Source "ChessBase"]
[SourceDate "2008.06.24"]
[SourceVersion "1"]
[SourceVersionDate "2008.06.24"]
[SourceQuality "1"]

1. e4 c5 2. Nf3 d6 3. d4 cxd4 4. Nxd4 Nf6 5. Nc3 a6 6. Be3 e6 7. f3 b5 8. g4 h6 9. Qd2 b4 10. Nce2 e5 11. Nf5 d5 12. 0-0-0 Be6 13. Kb1 Nbd7 14. exd5 Nxd5 15. Bf2 g6 16. Ne3 Nxe3 17. Bxe3 Nf6 18. Qe1 Qc7 19. Nc1 Nd5 20. Bf2 Bd6 21. Bd3 Nf4 22. Bg3 Nxd3 23. Rxd3 0-0 24. Qd2 Be7 25. Qxh6 Rac8 26. Rd2 Rfd8 27. Re1 Rd5 28. h4 Bf8 29. Qe3 Bg7 30. h5 gxh5 31. gxh5 Bf5 32. Nd3 Bxd3 33. cxd3 Qc5 34. Qe4 Qd4 1/2-1/2

[Event "IECG WC.2005.S.00004 email"]
[Site "IECG email"]
[Date "2003.05.19"]
[Round "?"]
[White "Steele, Scott"]
[Black "Von Saleski, Marcel"]
[Result "1/2-1/2"]
[WhiteElo "2173"]
[BlackElo "1985"]
[PlyCount "92"]
[EventDate "2003.05.19"]
[EventType "tourn (corr)"]
[EventRounds "10"]
[SourceTitle "Corr 2008"]
[Source "ChessBase"]
[SourceDate "2008.06.24"]
[SourceVersion "1"]
[SourceVersionDate "2008.06.24"]
[SourceQuality "1"]

1. e4 e6 2. d4 d5 3. Nd2 c5 4. Ngf3 Nf6 5. e5 Nfd7 6. c3 Be7 7. Bd3 Nc6 8. 0-0 a5 9. Re1 c4 10. Bc2 b5 11. Nf1 Nb6 12. Ng3 h5 13. Qd2 b4 14. Qf4 a4 15. a3 bxc3 16. bxc3 Ra5 17. h4 Rb5 18. Ng5 Bxg5 19. hxg5 Ne7 20. Qf3 g6 21. Qf6 Rh7 22. Qf4 h4 23. Nf1 h3 24. Qh2 Rh5 25. Ng3 Rh8 26. Re3 Kd7 27. gxh3 Rh4 28. Rf3 Ke8 29. Qg2 Rb3 30. Ne2 Rh8 31. Rf6 Nd7 32. Rf4 Nb6 33. Rg4 Nf5 34. Rb1 Qd7 35. Qf3 Bb7 36. Kh2 Rxb1 37. Bxb1 Nc8 38. Rg1 Nh4 39. Qf4 Qb5 40. Bc2 Ne7 41. Be3 Qb2 42. Bxa4+ Bc6 43. Bd1 Qxa3 44. Bc2 Qa2 45. Rb1 Kd7 46. Rc1 Nef5 1/2-1/2

[Event "IECG WC.2005.S.00004 email"]
[Site "IECG email"]
[Date "2003.05.19"]
[Round "?"]
[White "Stillerud, Lennart"]
[Black "Von Saleski, Marcel"]
[Result "1-0"]
[WhiteElo "2305"]
[BlackElo "1985"]
[PlyCount "45"]
[EventDate "2003.05.19"]
[EventType "tourn (corr)"]
[EventRounds "10"]
[SourceTitle "Corr 2008"]
[Source "ChessBase"]
[SourceDate "2008.06.24"]
[SourceVersion "1"]
[SourceVersionDate "2008.06.24"]
[SourceQuality "1"]

1. e4 e6 2. d4 d5 3. Nc3 Bb4 4. Bd3 dxe4 5. Bxe4 Nf6 6. Bd3 c5 7. a3 Bxc3+ 8. bxc3 Qc7 9. Nf3 Nbd7 10. 0-0 c4 11. Be2 Nd5 12. Qe1 0-0 13. a4 a5 14. Ng5 N7b6 15. Bf3 Bd7 16. Qe4 f5 17. Qh4 h6 18. Nh3 Nxa4 19. Bxd5 exd5 20. Bf4 Qc6 21. Qg3 Kh7 22. Be5 b5 23. Qxg7# 1-0

[Event "IECG CP.2002.P.00045 email"]
[Site "IECG email"]
[Date "2002.10.01"]
[Round "?"]
[White "Von Saleski, Marcel"]
[Black "Baxter, Chris"]
[Result "1/2-1/2"]
[WhiteElo "1939"]
[BlackElo "2040"]
[PlyCount "99"]
[EventDate "2002.10.01"]
[EventType "tourn (corr)"]
[EventRounds "6"]
[EventCountry "ENG"]
[SourceTitle "Corr 2008"]
[Source "ChessBase"]
[SourceDate "2008.06.24"]
[SourceVersion "1"]
[SourceVersionDate "2008.06.24"]
[SourceQuality "1"]

1. e4 d5 2. exd5 Nf6 3. d4 Bg4 4. f3 Bf5 5. Bb5+ c6 6. dxc6 Qa5+ 7. Nc3 Nxc6 8. Nge2 0-0-0 9. 0-0 e5 10. Bxc6 bxc6 11. Bg5 exd4 12. Bxf6 gxf6 13. Ne4 Bh6 14. Qd3 Qb5 15. Rfd1 Be3+ 16. Kh1 Qxd3 17. cxd3 h5 18. Nxf6 Rh6 19. Ne4 h4 20. b4 Rg6 21. Rac1 Bxe4 22. fxe4 Bxc1 23. Rxc1 Kc7 24. Rf1 Rb8 25. a3 a5 26. Rxf7+ Kd6 27. Nxd4 axb4 28. axb4 Rxb4 29. Nf5+ Ke6 30. Re7+ Kf6 31. h3 Rb2 32. Nxh4 Rgxg2 33. Nxg2 Kxe7 34. Kg1 c5 35. h4 Kf6 36. Ne3 Rb3 37. Ng4+ Ke6 38. Nf2 Ke5 39. Kf1 Kf4 40. e5 Kxe5 41. h5 Rb8 42. h6 Rf8 43. Ke2 Kd4 44. Nh3 Rh8 45. Nf4 Rxh6 46. Kd2 Ra6 47. Ne2+ Ke5 48. Kc3 Ra4 49. Ng3 Rd4 50. Ne4 1/2-1/2

[Event "IECG CP.2002.P.00045 email"]
[Site "IECG email"]
[Date "2002.10.01"]
[Round "?"]
[White "Vyt, Johan"]
[Black "Von Saleski, Marcel"]
[Result "1/2-1/2"]
[WhiteElo "1719"]
[BlackElo "1939"]
[PlyCount "96"]
[EventDate "2002.10.01"]
[EventType "tourn (corr)"]
[EventRounds "6"]
[EventCountry "ENG"]
[SourceTitle "Corr 2008"]
[Source "ChessBase"]
[SourceDate "2008.06.24"]
[SourceVersion "1"]
[SourceVersionDate "2008.06.24"]
[SourceQuality "1"]

1. d4 d5 2. c4 c6 3. Nf3 Nf6 4. e3 a6 5. Bd3 dxc4 6. Bxc4 c5 7. 0-0 b5 8. Be2 e6 9. dxc5 Qxd1 10. Rxd1 Bxc5 11. a3 Bb7 12. b4 Be7 13. Bb2 Nbd7 14. Nbd2 0-0 15. Rac1 Rfc8 16. h3 Rxc1 17. Rxc1 Bd6 18. Nd4 Rc8 19. Rxc8+ Bxc8 20. Nc6 Bb7 21. Bf3 Kf8 22. Bd4 g5 23. g4 Nd5 24. Bxd5 exd5 25. Na5 Bc8 26. Kg2 Ne5 27. Nf3 Nxf3 28. Kxf3 Bc7 29. Nb3 Ke7 30. Nc5 h6 31. Kg2 a5 32. bxa5 Bxa5 33. Nb3 Bc7 34. Bg7 f6 35. Bxh6 Kf7 36. Nd4 Bd6 37. Nxb5 Bc5 38. h4 Bxg4 39. hxg5 Kg6 40. f4 Bxe3 41. Kg3 Bd7 42. Nc3 d4 43. Nd5 Bc1 44. Nxf6 d3 45. Nd5 Be6 46. Nc3 Bxa3 47. Kf3 Bb4 48. Nd1 Bd7 1/2-1/2

[Event "DESC PT2002 email"]
[Site "DESC email"]
[Date "2002.09.??"]
[Round "2"]
[White "Von Saleski, Marcel"]
[Black "Keber, Ernst"]
[Result "0-1"]
[WhiteElo "2088"]
[BlackElo "1859"]
[PlyCount "24"]
[EventDate "2002.??.??"]
[EventType "swiss (corr)"]
[EventRounds "10"]
[EventCountry "GER"]
[SourceTitle "Corr 2004"]
[Source "ChessBase"]
[SourceDate "2003.04.28"]
[SourceVersion "3"]
[SourceVersionDate "2003.04.28"]
[SourceQuality "1"]

1. e4 e5 2. Nf3 Nc6 3. Bc4 Nf6 4. Ng5 d5 5. exd5 Nxd5 6. d4 Be7 7. Nxf7 Kxf7 8. Qf3+ Ke6 9. Nc3 Ncb4 10. Qe4 c6 11. a3 Na6 12. Qxe5+ Kf7 0-1

[Event "DESC op R2 G-J email"]
[Site "DESC email"]
[Date "2002.08.10"]
[Round "?"]
[White "Dietrich, Udo"]
[Black "Von Saleski, Marcel"]
[Result "1-0"]
[WhiteElo "2229"]
[BlackElo "2073"]
[PlyCount "43"]
[EventDate "2001.??.??"]
[EventType "tourn (corr)"]
[EventRounds "6"]
[EventCountry "GER"]
[SourceTitle "Corr 2004"]
[Source "ChessBase"]
[SourceDate "2003.04.28"]
[SourceVersion "3"]
[SourceVersionDate "2003.04.28"]
[SourceQuality "1"]

1. e4 e6 2. d4 d5 3. Nc3 Bb4 4. e5 Ne7 5. a3 Bxc3+ 6. bxc3 c5 7. Nf3 Bd7 8. a4 Qa5 9. Bd2 Nbc6 10. Bb5 a6 11. Be2 c4 12. 0-0 f6 13. exf6 gxf6 14. Rb1 Qc7 15. Rb2 Rg8 16. Qa1 e5 17. Rfb1 Na5 18. dxe5 fxe5 19. Be3 Qd6 20. Rb6 Nac6 21. Ne1 Qg6 22. a5 1-0

[Event "IECG WC.2005.P.00009 email"]
[Site "IECG email"]
[Date "2002.01.29"]
[Round "?"]
[White "Smyth, Peter"]
[Black "Von Saleski, Marcel"]
[Result "1/2-1/2"]
[WhiteElo "1856"]
[BlackElo "1935"]
[PlyCount "81"]
[EventDate "2002.01.29"]
[EventType "tourn (corr)"]
[EventRounds "12"]
[SourceTitle "Corr 2008"]
[Source "ChessBase"]
[SourceDate "2008.06.24"]
[SourceVersion "1"]
[SourceVersionDate "2008.06.24"]
[SourceQuality "1"]

1. b3 e5 2. Bb2 Nc6 3. e3 d6 4. Bb5 Bd7 5. Nc3 a6 6. Be2 Qg5 7. Nd5 0-0-0 8. Bf3 Nge7 9. d3 Nxd5 10. Bxd5 f5 11. c4 Ne7 12. Bf3 Be6 13. d4 d5 14. h4 Qh6 15. dxe5 g5 16. g4 fxg4 17. Bxg4 dxc4 18. Qf3 gxh4 19. Qh3 Bxg4 20. Qxg4+ Kb8 21. Qxc4 Qg6 22. Ne2 Nc6 23. a3 h3 24. Nf4 Qf5 25. Rxh3 Rg8 26. Ke2 Rg5 27. Rc1 Qg4+ 28. Ke1 Qd7 29. Kf1 h6 30. e6 Qe7 31. Ke2 Rg4 32. Rd1 Rxd1 33. Kxd1 Rg1+ 34. Kc2 Bg7 35. Rg3 Rxg3 36. fxg3 Bxb2 37. Kxb2 Qg7+ 38. Qc3 Qxg3 39. b4 Qf2+ 40. Kb1 Qf3 41. Kc2 1/2-1/2

[Event "IECG WC.2005.P.00009 email"]
[Site "IECG email"]
[Date "2002.01.29"]
[Round "?"]
[White "Von Saleski, Marcel"]
[Black "Baer, Werner"]
[Result "1/2-1/2"]
[WhiteElo "1935"]
[BlackElo "2026"]
[PlyCount "87"]
[EventDate "2002.01.29"]
[EventType "tourn (corr)"]
[EventRounds "12"]
[SourceTitle "Corr 2008"]
[Source "ChessBase"]
[SourceDate "2008.06.24"]
[SourceVersion "1"]
[SourceVersionDate "2008.06.24"]
[SourceQuality "1"]

1. e4 e5 2. Nf3 Nc6 3. Bc4 Bc5 4. d3 d6 5. c3 Nf6 6. 0-0 Bb6 7. b4 a6 8. Nbd2 Bd7 9. a4 Ne7 10. d4 exd4 11. cxd4 0-0 12. Re1 c6 13. a5 Bc7 14. Bd3 Re8 15. Nf1 h6 16. Be3 d5 17. e5 Ne4 18. Qc2 Nf5 19. Bxe4 dxe4 20. Qxe4 Be6 21. N1d2 Ne7 22. Qh4 Nd5 23. Qg3 Kh8 24. Ne4 Nxb4 25. Reb1 Nc2 26. Bxh6 gxh6 27. Qf4 Kg7 28. Ra4 Bxa5 29. Nd6 b6 30. Nxe8+ Qxe8 31. Qf6+ Kg8 32. Rb2 Ne1 33. Nxe1 Bxe1 34. Qxh6 Qf8 35. Qf4 Bd5 36. Rxb6 a5 37. Qe3 Qd8 38. Rb1 Bb4 39. Qf4 Bf8 40. h3 Bg7 41. Qg4 c5 42. dxc5 Qc7 43. Re1 Qxc5 44. Qg3 1/2-1/2

[Event "IECG WC.2005.P.00009 email"]
[Site "IECG email"]
[Date "2002.01.29"]
[Round "?"]
[White "Von Saleski, Marcel"]
[Black "Vujadinovic, Milan"]
[Result "1-0"]
[WhiteElo "1935"]
[BlackElo "2048"]
[PlyCount "49"]
[EventDate "2002.01.29"]
[EventType "tourn (corr)"]
[EventRounds "12"]
[SourceTitle "Corr 2008"]
[Source "ChessBase"]
[SourceDate "2008.06.24"]
[SourceVersion "1"]
[SourceVersionDate "2008.06.24"]
[SourceQuality "1"]

1. e4 e5 2. Nf3 Nc6 3. Bc4 Nf6 4. Ng5 d5 5. exd5 Na5 6. Bb5+ c6 7. dxc6 bxc6 8. Be2 h6 9. Nf3 e4 10. Ne5 Bc5 11. c3 Qc7 12. d4 exd3 13. Nxd3 Bd6 14. Nd2 Bf5 15. b4 Nb7 16. Nc4 Bxh2 17. Be3 Be4 18. Kf1 Bd5 19. Ncb2 Bd6 20. c4 Be6 21. Bf3 0-0 22. c5 Be7 23. Bf4 Qc8 24. Bxh6 gxh6 25. Qd2 1-0

[Event "DESC-ch email"]
[Site "DESC email"]
[Date "2002.??.??"]
[Round "2.2"]
[White "Farmer, Walter"]
[Black "Von Saleski, Marcel"]
[Result "1/2-1/2"]
[WhiteElo "2166"]
[BlackElo "2086"]
[PlyCount "36"]
[EventDate "2001.??.??"]
[EventType "team (corr)"]
[EventRounds "3"]
[EventCountry "GER"]
[SourceTitle "Corr 2008"]
[Source "ChessBase"]
[SourceDate "2008.06.24"]
[SourceVersion "1"]
[SourceVersionDate "2008.06.24"]
[SourceQuality "1"]

1. Nf3 d5 2. d4 e6 3. c4 Nf6 4. g3 dxc4 5. Bg2 Nc6 6. Qa4 Bb4+ 7. Bd2 Nd5 8. Bxb4 Ndxb4 9. 0-0 Rb8 10. Nc3 a6 11. Ne5 0-0 12. Bxc6 Nxc6 13. Nxc6 bxc6 14. Qxc4 Rxb2 15. Rab1 Rb6 16. Qc5 Rxb1 17. Rxb1 Qd6 18. Qxd6 cxd6 1/2-1/2

[Event "DESC-ch email"]
[Site "DESC email"]
[Date "2002.??.??"]
[Round "2.2"]
[White "Von Saleski, Marcel"]
[Black "Busch, Stefan"]
[Result "1-0"]
[WhiteElo "2086"]
[BlackElo "1844"]
[PlyCount "81"]
[EventDate "2001.??.??"]
[EventType "team (corr)"]
[EventRounds "3"]
[EventCountry "GER"]
[SourceTitle "Corr 2008"]
[Source "ChessBase"]
[SourceDate "2008.06.24"]
[SourceVersion "1"]
[SourceVersionDate "2008.06.24"]
[SourceQuality "1"]

1. e4 c6 2. d4 d5 3. e5 Bf5 4. Nf3 e6 5. Be2 Nd7 6. 0-0 Qb6 7. Nc3 Ne7 8. b3 a6 9. Na4 Qc7 10. Ba3 b6 11. c4 dxc4 12. Bd6 Qa7 13. bxc4 b5 14. Nb2 bxc4 15. Nxc4 Nb6 16. Nfd2 Nec8 17. Bxf8 Kxf8 18. Rc1 Ne7 19. Nxb6 Qxb6 20. Nc4 Qd8 21. Nd6 g5 22. Bf3 Qb6 23. Qa4 Kg7 24. Bxc6 Rab8 25. d5 Bg6 26. dxe6 fxe6 27. Bf3 Qd8 28. Rfd1 h5 29. Nf5+ Nxf5 30. Rxd8 Rhxd8 31. Qxa6 Nd4 32. h4 g4 33. Qa7+ Kh6 34. Qe7 Rbc8 35. Rxc8 Rxc8 36. Be4 Nf5 37. Qxe6 Rc1+ 38. Kh2 Nxh4 39. Qf6 Re1 40. Kg3 Rxe4 41. Kxh4 1-0